=LDR 00000nam 2200000 4500 =001 INLIS000000000046266 =005 20210521020356 =035 ##$$a 0010-031500000000038 =008 210521################g##########0#ind## =020 ##$$a 978-602-8815-57-4 =040 ##$$a NBPDMAT =082 ##$$a 340.134 =090 ##$$a 340.134 $b Pro p =100 ##$$a [at.al] =245 1#$$a Program Legaslatif Nasional Thn 2012 /$c Dr. Wicipto Setadi, S.H., M.H. [at.al]; Editor, Nandi Widyani, S.H., M.H. =260 ##$$a Jakarta :$b Badan Pembinaan Hukum Nasional,$c 2013 =300 ##$$a vii, 184 hlm. ; $c 21x14 cm =700 #$$a 1. Dr. Wicipto Setadi, S.H., M.H., @. Nandi Widyani, S.H., M.H. =850 ##$$a NBPDMAT =084 ##$$a 340.134 [AT p =250 ##$$a cet.1 =650 #4$$a Prolegnas 2012 =990 ##$$a 31400036 =990 ##$$a 31400036